|
|
|
|
| LEADER |
01361nam a22002777a 4500 |
| 001 |
40832 |
| 003 |
BD-DhAAL |
| 008 |
230206t2018 bg ||||| |||| 00| 0 ben d |
| 020 |
|
|
|a 97898491396476
|
| 040 |
|
|
|a BD-DhAAL
|c BD-DhAAL
|
| 041 |
|
|
|a ben
|
| 082 |
|
|
|a 891.442
|2 23
|
| 100 |
|
|
|a হক, সৈয়দ শামসুল
|
| 245 |
|
|
|a বাংলার মাটি বাংলার জল :
|b রবীন্দ্রনাথ ঠাকুরের ছিন্নপত্র অবলম্বনে /
|c সৈয়দ শামসুল হক.
|
| 260 |
|
|
|a ঢাকা :
|b নবযুগ,
|c ২০১৮.
|
| 300 |
|
|
|a ৭২ পৃষ্ঠা ;
|c ২২ সে.মি.
|
| 526 |
|
|
|a GenEd
|
| 541 |
|
|
|a Development Book Agency
|e 40832, 40833
|
| 600 |
|
|
|a Tagore, Rabindranath,
|c 1861-1941.
|
| 650 |
|
|
|a Bengali drama.
|
| 650 |
|
|
|a Bengali literature.
|
| 852 |
|
|
|a Ayesha Abed Library
|c General Stacks
|
| 942 |
|
|
|2 ddc
|c BK
|
| 999 |
|
|
|c 45389
|d 45389
|
| 952 |
|
|
|0 0
|1 0
|2 ddc
|4 0
|6 891_442000000000000_HAQ
|7 0
|9 72997
|a SCL
|b SCL
|c GEN
|d 2023-01-15
|e Development Book Agency
|g 150.00
|l 2
|m 1
|o 891.442 HAQ
|p 3020040833
|r 2025-04-12
|s 2025-02-09
|t 2
|v 150.00
|w 2023-01-15
|y BK
|
| 952 |
|
|
|0 0
|1 0
|2 ddc
|4 0
|6 891_442000000000000_HAQ
|7 0
|9 72998
|a SCL
|b SCL
|c GEN
|d 2023-01-15
|e Development Book Agency
|g 150.00
|l 1
|o 891.442 HAQ
|p 3020040832
|r 2024-05-30
|s 2024-05-29
|t 1
|v 150.00
|w 2023-01-15
|y BK
|